Sports Quiz

Random Sports Quiz

Greatest Oakland Raiders of All-Time Quiz Stats

 Plays Quiz not verified by Sporcle

Score 0/11 Timer 05:00
0 Plays Today
Ranking Player % Correct
10.Marcus Allen
92.5%
4.Ken Stabler
90.3%
5.Tim Brown
78.3%
9.Willie Brown
78.1%
1.Gene Upshaw & Art Shell
75.8%
00.&Jim Otto
74.4%
2.Howie Long
63.9%
3.Fred Biletnikoff
62.2%
8.Jim Plunkett
60.8%
7.Cliff Branch
56.1%
6.George Blanda
48.1%

You're not logged in!

Compare scores with friends on all Sporcle quizzes.
OR
Log In

Show Comments

Extras

Top Quizzes Today


Score Distribution

Your Account Isn't Verified!

In order to create a playlist on Sporcle, you need to verify the email address you used during registration. Go to your Sporcle Settings to finish the process.

Report this User

Report this user for behavior that violates our Community Guidelines.

Details: